Statistics for 100 Largest Countries in the world by Population

Click here to take the quiz!

General Stats

  • This quiz has been taken 270 times
    (255 since last reset)
  • The average score is 85 of 100

Answer Stats

PopulationCountry% Correct
1.45BChina
99%
1.39BIndia
98%
146MRussia
98%
68.4MUnited Kingdom
98%
69.5MFrance
97%
84.1MGermany
97%
336MUnited States
97%
60.3MItaly
96%
46.7MSpain
95%
214MBrazil
94%
92.5MDR Congo
94%
104MEgypt
94%
276MIndonesia
94%
126MJapan
94%
130MMexico
94%
25.3MNiger
94%
212MNigeria
94%
225MPakistan
94%
166MBangladesh
93%
85.2MIran
93%
60.1MSouth Africa
93%
51.3MSouth Korea
93%
38MCanada
92%
45.4MArgentina
91%
19.2MChile
91%
118MEthiopia
91%
35.8MSaudi Arabia
91%
69.9MThailand
91%
85.3MTurkey
91%
28.7MVenezuela
91%
51.8MColombia
90%
41.3MIraq
90%
33.4MPeru
90%
98.2MVietnam
90%
44.7MAlgeria
89%
43.5MUkraine
89%
25.7MAustralia
88%
56.7MKenya
88%
25.8MNorth Korea
88%
111MPhilippines
88%
37.6MPoland
88%
10.1MSweden
88%
10.1MPortugal
87%
44.8MSudan
87%
60.9MTanzania
87%
39.7MAfghanistan
86%
11MDominican Republic
86%
34MUzbekistan
86%
10.4MGreece
85%
19MKazakhstan
85%
37.7MMorocco
85%
29.8MNepal
84%
19.1MRomania
84%
17.9MSyria
84%
30.2MYemen
84%
9.07MAustria
83%
11.8MBelgium
83%
11.9MBolivia
83%
16.9MCambodia
83%
10.8MCzechia
83%
31.4MGhana
83%
9.78MHungary
83%
32.1MMozambique
83%
56.2MMyanmar
83%
17.3MNetherlands
83%
16.1MSomalia
83%
33.9MAngola
82%
32.6MMalaysia
82%
11.4MSouth Sudan
82%
23.8MTaiwan
82%
9.43MBelarus
81%
11.3MCuba
81%
16.9MChad
80%
20.6MMali
80%
18.7MZambia
80%
17.9MEcuador
79%
13.4MGuinea
79%
11.5MHaiti
79%
10MUnited Arab Emirates
79%
15MZimbabwe
79%
27.4MCote D'ivoire
78%
14MIsrael
78%
17MSenegal
78%
29.7MMadagascar
77%
21.6MSri Lanka
77%
47.6MUganda
77%
18.2MGuatemala
76%
8.28MSwitzerland
76%
27.9MCameroon
75%
10.3MJordan
75%
13.2MRwanda
75%
11.9MTunisia
75%
10.2MAzerbaijan
74%
12.5MBenin
73%
9.18MPapua New Guinea
73%
19.8MMalawi
72%
9.84MTajikistan
71%
12.1MBurundi
70%
21MBurkina Faso
69%
10MHonduras
69%

Score Distribution

Percentile by Number Answered

Percent of People with Each Score

Your Score History

You have not taken this quiz since the last reset